Former Nations and Civilisations on a Map of Asia #2 - Statistics

General Stats
  • This quiz has been taken 235 times
  • The average score is 4 of 16
Answers on the Map
Answers color-coded by a green-red scale on the quiz's map according to % correct below.
 
Answer Stats
Answer % Correct
Kingdom of {Sikkim}
71%
{Indus} {Valley} Civilisation
54%
{Hittite} Empire
43%
Goguryeo
42%
{Malacca} Sultanate
40%
Sultanate of {Sulu}
37%
Second {East} {Turkestan} Republic
27%
Emirate of {Jabal} {Shammar}
19%
Kingdom of {Ava}
13%
{Himyarite} Kingdom
12%
{Pandya} Dynasty
11%
Khanate of {Kokand}
8%
Kingdom of {Champasak}
6%
{Mataram} Sultanate
6%
Minyue
4%
{Bavand} Dynasty
3%
No matching quizzes found
Score Distribution
Percent of People with Each Score
Percentile by Number Answered
Your Score History
You have not taken this quiz